वैदर्शीय काव्‍यधारा (Record no. 33192)

MARC details
000 -LEADER
fixed length control field 00485nam a2200181Ia 4500
008 - FIXED-LENGTH DATA ELEMENTS--GENERAL INFORMATION
fixed length control field 220531s9999 xx 000 0 und d
041 ## - LANGUAGE CODE
Language code of text/sound track or separate title mar
100 ## - MAIN ENTRY--PERSONAL NAME
Personal name वाटाण राजेंद्र
9 (RLIN) 57776
245 ## - TITLE STATEMENT
Title वैदर्शीय काव्‍यधारा
250 ## - EDITION STATEMENT
Edition statement 1ST
260 ## - PUBLICATION, DISTRIBUTION, ETC. (IMPRINT)
Place of publication, distribution, etc. Pune
Name of publisher, distributor, etc. Vijay
Date of publication, distribution, etc. 2011
300 ## - PHYSICAL DESCRIPTION
Extent 226
440 ## - SERIES STATEMENT/ADDED ENTRY--TITLE
Title Normal
9 (RLIN) 57777
542 ## - INFORMATION RELATING TO COPYRIGHT STATUS
Copyright holder 11-02-2013
650 ## - SUBJECT ADDED ENTRY--TOPICAL TERM
Topical term or geographic name as entry element Marathi
9 (RLIN) 57778
906 ## - LOCAL DATA ELEMENT F, LDF (RLIN)
d 2012-2013
Holdings
Withdrawn status Lost status Source of classification or shelving scheme Damaged status Not for loan Collection code Home library Current library Date acquired Vendor Cost, normal purchase price Total Checkouts Total Holds Full call number Barcode Date last seen Bill Date Koha item type Original Barcode
    Dewey Decimal Classification       Shri Siddhivinayak Mahila Mahavidyalaya Shri Siddhivinayak Mahila Mahavidyalaya 11/02/2013 Pritam 200.00   1 /-/B/14194 SSMM-BK-14194 06/08/2022 06/08/2022 Books 010014194